التقرير السنوى عن إنتاج و تصنيع المحاصيل السكرية و الصناعات التكاملية لعام 2003/2004. (Record no. 25539)
[ view plain ]
| 000 -LEADER | |
|---|---|
| fixed length control field | 00783cam a2200205Ia 4500 |
| 001 - CONTROL NUMBER | |
| control field | u17669 |
| 003 - CONTROL NUMBER IDENTIFIER | |
| control field | SIRSI |
| 008 - FIXED-LENGTH DATA ELEMENTS--GENERAL INFORMATION | |
| fixed length control field | 050928s2004 ua 000 0 ara d |
| 040 ## - CATALOGING SOURCE | |
| Original cataloging agency | EAL |
| 041 ## - LANGUAGE CODE | |
| Language code of text/sound track or separate title | ara |
| 050 ## - LIBRARY OF CONGRESS CALL NUMBER | |
| Classification number | ORG TP379 |
| Item number | S47 2004 |
| 110 2# - MAIN ENTRY--CORPORATE NAME | |
| Corporate name or jurisdiction name as entry element | شركة السكر و الصناعات التكاملية |
| 245 10 - TITLE STATEMENT | |
| Title | التقرير السنوى عن إنتاج و تصنيع المحاصيل السكرية و الصناعات التكاملية لعام 2003/2004. |
| 260 ## - PUBLICATION, DISTRIBUTION, ETC. | |
| Place of publication, distribution, etc. | [القاهرة]: |
| Name of publisher, distributor, etc. | مطابع شركة السكر، |
| Date of publication, distribution, etc. | 2004. |
| 300 ## - PHYSICAL DESCRIPTION | |
| Extent | 61ص: |
| Other physical details | ايض; |
| Dimensions | 30 سم. |
| 596 ## - | |
| -- | 1 |
| 653 ## - INDEX TERM--UNCONTROLLED | |
| Uncontrolled term | السكر |
| -- | صناعة و تجارة |
| -- | تقارير. |
| 653 ## - INDEX TERM--UNCONTROLLED | |
| Uncontrolled term | السكر |
| -- | مصانع |
| -- | تقارير. |
| 942 ## - ADDED ENTRY ELEMENTS (KOHA) | |
| Koha item type | Books |
| Source of classification or shelving scheme | Library of Congress Classification |
| Withdrawn status | Lost status | Source of classification or shelving scheme | Damaged status | Not for loan | Home library | Current library | Date acquired | Total Checkouts | Full call number | Barcode | Date last seen | Copy number | Price effective from | Koha item type |
|---|---|---|---|---|---|---|---|---|---|---|---|---|---|---|
| Library of Congress Classification | Main | Main | 02/20/2018 | ORG TP379.S47 2004 | 31249-1001 | 02/20/2018 | 1 | 02/20/2018 | Books |